| 000 | 00815cam a2200265 a 4500 | ||
|---|---|---|---|
| 001 | 12700991 | ||
| 005 | 20171215043843.0 | ||
| 008 | 020312s2003 maua b 001 0 eng | ||
| 010 |
_a 2002024423 _z 2002100739 |
||
| 020 | _a007246917X (alk. paper) | ||
| 020 | _a0071151079 (international : alk. paper) | ||
| 020 | _a0072515783 (CDROM) | ||
| 040 |
_aDLC _cDLC _dDLC |
||
| 041 | _aeng | ||
| 043 | _an-us--- | ||
| 080 | _a650 FER | ||
| 082 | 0 | 0 |
_a650 FER _221 |
| 100 | 1 | _a58 | |
| 101 | _aBUS | ||
| 245 | 1 | 0 |
_aBusiness : _cO.C. Ferrell, Geoffrey Hirt. |
| 504 | _aIncludes bibliographical references (p. 1-11, 4th group) and indexes. | ||
| 906 |
_a7 _bcbc _corignew _d1 _eocip _f20 _gy-gencatlg |
||
| 942 |
_2ddc _cBK |
||
| 999 |
_c38988 _d38988 |
||